000 nam a22 a 4500
999 _c425248
_d425248
003 BLK
005 20230321093953.0
008 210726b bul|||||r ||||||| ||bul||
020 _a9786190207931
040 _aBLK
041 _aBUL
_cBUL
080 _aСоциално поведение. Девиантно поведение. Социална патология. Активност и пасивност, конвенционално поведение, мотивация, потребности, стремежи
_b316.62
_z316.62
100 _aНелисен, Марк
_eпърви автор
_9460687
139 _aНелисен, Марк
_bН 52
245 1 0 _aДарвин в супермаркета
_bкак еволюцията влияе на поведението ни
_cМарк Нелисен ; прев. от нидерл. Мария Енчева
_h
257 _aBGR
260 _aСофия
_bКолибри
_c2021
_f[София] : Инвестпрес
_9209486
_n978-619-02- ; 978-619-150- ; 978-954-150- ; 978-954-529-
300 _a205 с.
_c20 см
380 _a3
500 _aОриг. загл.: Darwin in de supermarkt / Mark Nelissen. - Биогр. данни за авт.
650 0 _9261745
_aПсихология, социална
653 7 _9197062
_aсоциобиология
653 7 _9193925
_aповедение
700 _9966
_aЕнчева, Мария Генчева
_eпрев.
852 _aЦб 308252
_bЦб
856 _i0.00
_ldisable
942 _cKNG
_n0
_s1
_02
944 _aCR
_c2021-07-26
_kГГГ
999 _d425248